000 00273nam a22001337a 4500
008 190205b xxu||||| |||| 00| 0 eng d
020 _a9780070121973
041 _aeng
080 _a573
100 _a11
101 _aBIO
245 _aBiology
_cCastro
942 _2udc
_cBK
999 _c54078
_d54078